| 000 | 00998nam a2200229 a 4500 | ||
|---|---|---|---|
| 001 | 000035980 | ||
| 003 | DO-SdBNP | ||
| 005 | 20220328112116.0 | ||
| 007 | ta | ||
| 008 | 111121s2003 dr ac 000 0 spa d | ||
| 040 |
_aDO-SdBNP _bspa _cBNPHU |
||
| 049 | _aBNPD | ||
| 100 | 1 |
_aLópez Belando, Adolfo _962010 |
|
| 245 | 1 | 3 |
_aEl arte en la penumbra : _bpictografías y petroglifos en las cavernas del Parque Nacional del Este, República Dominicana = Art in th shadows : pictographs and petroglyphs in the caves of the National Park of the East Dominican Republic / _cAdolfo López Belando ; [traducción Donna Hics de Pérez. |
| 246 | 1 | 3 |
_aArt in th shadows : _bpictographs and petroglyphs in the caves of the National Park of the East Dominican Republic |
| 260 |
_aSanto Domingo : _bBHD, _c2003. |
||
| 300 |
_a359 p. : _bil., map. ; _c30 cm. |
||
| 504 | _aBibliografía : p. 352-359 | ||
| 590 | _aInventariado, 2022/BT | ||
| 700 | 1 |
_aHics de Pérez, Donna Hics, _etr. _962011 |
|
| 942 |
_2ddc _cLBS1 |
||
| 999 |
_c35471 _d35471 |
||